Código de derecho canónico
Salvato in:
| Enti autori: | , , |
|---|---|
| Natura: | Libro |
| Lingua: | spagnolo latino |
| Pubblicazione: |
Pamplona
CELAM
2006
Pamplona Paulinas 2006 |
| Edizione: | 6a. ed |
| Soggetti: | |
| Tags: |
Aggiungi Tag
Nessun Tag, puoi essere il primo ad aggiungerne!!
|
MARC
| LEADER | 00000cam a2200000 a 4500 | ||
|---|---|---|---|
| 001 | UCJ9412 | ||
| 003 | CL-VaPUC | ||
| 008 | 070316e20060000SP |||||||||||||||||spa|d | ||
| 020 | |a 8431319089 | ||
| 041 | 0 | 7 | |a spa |2 CL-VaPUC |
| 041 | 0 | 7 | |a lat |2 CL-VaPUC |
| 082 | 0 | 4 | |a 262.9 |b CON |2 21 |
| 110 | 2 | |a Consejo Episcopal Latinoamericano |e author |9 519399 | |
| 710 | 2 | |a CELAM |e author |9 519400 | |
| 710 | 2 | |a Universidad de Navarra |e author |9 519401 | |
| 245 | 1 | 0 | |a Código de derecho canónico |
| 250 | |a 6a. ed | ||
| 300 | |a 846 p | ||
| 942 | |c BK | ||
| 945 | |d 20070316 00:00:00 |a cmena | ||
| 260 | |a Pamplona |b CELAM |c 2006 | ||
| 260 | |a Pamplona |b Paulinas |c 2006 | ||
| 500 | |a Edición bilingüe y anotada | ||
| 650 | 7 | |a DERECHO CANONICO |2 CL-VaPUC |9 519402 | |
| 650 | 0 | |a Derecho eclesiástico |9 255055 | |
| 650 | 0 | |a Jurisprudencia |9 255952 | |
| 650 | 7 | |a JERARQUIA ECLESIASTICA |2 CL-VaPUC |9 432974 | |
| 650 | 0 | |a Ordenamiento jurídico |9 355371 | |
| 583 | |a last modification |c 20130418 02:26:13 |k Rodrigo Vera | ||
| 999 | |c 324939 |d 324937 | ||
| 952 | |0 0 |1 0 |4 0 |6 262_900000000000000_CON_2006_2006 |7 0 |8 F |9 405337 |a BIBTEO |b BIBTEO |d 2019-11-22 |h v.1 |i 4295374 |o 262.9 CON 2006 2006 |p 4295374 |r 2025-01-17 |w 2019-11-22 |y BK_F |k ICR | ||
| 952 | |0 0 |1 0 |4 0 |6 262_900000000000000_CON_2006_2006 |7 0 |8 F |9 405338 |a BIBTEO |b BIBTEO |d 2019-11-22 |h v.2 |i 4295382 |o 262.9 CON 2006 2006 |p 4295382 |r 2025-01-17 |w 2019-11-22 |y BK_F |k ICR | ||
| 952 | |0 0 |1 0 |4 0 |6 262_900000000000000_CON_2006_2006 |7 0 |8 DER_HDC |9 405339 |a BIBDER |b BIBDER |d 2019-11-22 |h v.1 |i 4966511 |l 1 |o 262.9 CON 2006 2006 |p 4966511 |r 2023-01-25 |s 2020-03-19 |w 2019-11-22 |x Ubicación 4to Piso |y BK |z Estos recursos deben solicitarse con anticipación |k DER | ||